"У" като "убиец" (Запис номер 64939)
[ съкратено ]
| 000 -Лидер | |
|---|---|
| Лидер | 01866nam a2200385 c 4500 |
| 003 - Код на организацията, давaща контролен номер | |
| Код на организацията, даваща контролен номер | BLK |
| 005 - Дата и час на последна редакция | |
| Дата и час на последна редакция | 20250602145807.0 |
| 008 - Елементи от данни с фиксирана дължина | |
| Елементи с фиксирана дължина | 180408b bul|||||r ||||||| ||bul|| |
| 010 ## - Наследен системен номер | |
| LC control number | KNG00069211000 |
| 040 ## - Източник на каталожния запис | |
| Код на библиотеката | BLK |
| 041 ## - Код за език | |
| Език | Български |
| Език за КДБФ | Български |
| 080 ## - УДК | |
| УДК текст | Престъпници. Субекти на наказуеми действия |
| УДК код | 343.22 |
| УДК – определител | (73)(092) |
| УДК – код + определител | 343.22(73)(092) |
| 080 ## - УДК | |
| УДК текст | Специална част на наказателното право. Видове наказуеми действия - Срещу собствена или чужда държава и управлението, политически престъпления,геноцид(прав.аспекти), наркотрафик, против мира, обществен |
| УДК код | 343.3/.7 |
| УДК – определител | (73) |
| УДК – код + определител | 343.3/.7(73) |
| 080 ## - УДК | |
| УДК текст | Биографии |
| УДК код | 929 |
| УДК – определител | (73) |
| УДК – код + определител | 929(73) |
| 100 1# - Редна дума - Автор | |
| Автор | Сенкевич, Артемида |
| R(LIN) | 292249 |
| 245 10 - Сведения за заглавието | |
| Заглавие | "У" като "убиец" |
| Подзаглавни данни | Амер. килъри |
| Авторска отговорност | Артемида Сенкевич, Максимилиан Стругацки ; прев. |
| 257 ## - Страна на издаване | |
| Страна на създаване/издаване | България |
| 260 ## - Област на издателските данни | |
| Място на издаване | Бургас |
| Име на издателя | Делфин прес |
| Година на издаване | 2006 |
| Печатница | Ямбол : Светлина |
| 300 ## - Физическа характеристика | |
| Брой страници | 303 с. |
| Размер | 24 см |
| 380 ## - Жанр | |
| Жанр | Обществени науки |
| 490 ## - СЕРИИ (Колекции) | |
| Серия | Всемирна история на серийните убийци |
| 650 #4 - Допълнително описание по предмет – тема | |
| Предметна рубрика | Убийства - биографии |
| 9 (RLIN) | 283304 |
| 650 #4 - Допълнително описание по предмет – тема | |
| Предметна рубрика | Престъпници - САЩ |
| 9 (RLIN) | 248731 |
| 653 ## - Ключова дума – ненормативна | |
| Ключови думи | серийни убийци |
| 653 ## - Ключова дума – ненормативна | |
| Ключови думи | САЩ |
| 653 ## - Ключова дума – ненормативна | |
| Ключови думи | история |
| 700 1# - Други автори (авторска отговорност) | |
| Друг автор | Стругацки, Максимилиан |
| Авт. отговорност на др. автор | съавт. |
| 9 (RLIN) | 292250 |
| 852 ## - Местоположение | |
| Отдел | Основен фонд - ползва се само за читалня |
| 856 4# - Електронен адрес и достъп | |
| Електронен формат | pdf - файл |
| 856 4# - Електронен адрес и достъп | |
| Електронен формат | pdf - файл |
| 942 ## - АРТИКУЛИ | |
| Вид на библиотечния документ | Книги |
| Скрит в OPAC | Не |
| 944 ## - СЪЗДАВАНЕ И РЕДАКЦИЯ на ЗАПИСА | |
| Създаване/Редакция | Създаване |
| Дата на регистрацията/редакция | 07.11.2006 |
| Служител, извършил регистрацията/редакцията | 30560 |
| Номер на служител | Геновева Генчева |
| 944 ## - СЪЗДАВАНЕ И РЕДАКЦИЯ на ЗАПИСА | |
| Създаване/Редакция | Редакция |
| Дата на регистрацията/редакция | 2025-06-02 |
| Служител, извършил регистрацията/редакцията | ГГГ |
| 999 ## - СИСТЕМНИ КОНТРОЛНИ НОМЕРА | |
| Koha biblionumber | 64939 |
| Koha biblioitemnumber | 64939 |
| Код за отписване | Код за изгубен артикул | Код за повреда | Коз за рестрикции | Код за отдаване | Артикулен № | Име на библиотеката - собственик | Име на библиотеката, в която се намира в момента | Статус (Текущо местоположение) | Дата на вписване в системата | Местоположение - отдел | Цена в лева | Инвентарен номер | Систематично азбучна сигнатура | Баркод | Номер на екземпляра | Цена в евро | Служебна бележка | Служебен тип на артикула | Източник на класификационната схема |
|---|---|---|---|---|---|---|---|---|---|---|---|---|---|---|---|---|---|---|---|
| Не е изгубен | Не е повреден | без рестрикции | заемане за дома | 107196 | Регионална библиотека "Любен Каравелов" Русе | Регионална библиотека "Любен Каравелов" Русе | Заемна - подръчен фонд | 2006-11-07 | Заемна - подръчен фонд | 13.00 | 120000706481 | П 343/С 33 | 120000706481 | 1 | 6.65 | Дост: Pk Вид: Ф N: 20 Дата: 07.11.2006 Дата инв: 05.02.2018 Бележки инв: П2018 | Книги | ||
| Не е изгубен | Не е повреден | само за читалня | ползва се в читалня | 975935 | Регионална библиотека "Любен Каравелов" Русе | Регионална библиотека "Любен Каравелов" Русе | Хранилище | 2025-06-12 | Основен фонд - ползва се само за читалня | 13.00 | 120000920506 | Цб 327044 | 120000920506 | 6.65 | Книги | Universal Decimal Classification |